LEADER 01415nam 2200457 450 001 9910654843203321 005 20200520144314.0 010 0 $a1118506111 010 0 $a9781118506110 035 $a(MiAaPQ)EBC7103744 035 $a(CKB)24989770400041 035 $a(MiAaPQ)EBC1895473 035 $a(Au-PeEL)EBL1895473 035 $a(CaPaEBR)ebr11005752 035 $a(CaONFJC)MIL687937 035 $a(OCoLC)899134748 035 $a(EXLCZ)9924989770400041 100 $a20140613d2015 uy| 0 101 0 $aeng 135 $aur||||||||||| 181 $2rdacontent 182 $2rdamedia 183 $2rdacarrier 200 00$aLearning disability nursing at a glance /$f[edited by] Bob Gates, Debra Fearns, Jo Welch 210 1$aChichester, West Sussex :$cJohn Wiley & Sons Inc.,$d2015. 215 $a1 online resource (184 pages) $ccolor illustrations 225 1 $aAt a glance series 320 $aIncludes bibliographical references and index. 410 0$aAt a glance series (Oxford, England) 606 $aLearning disabilities$xNursing 615 0$aLearning disabilities$xNursing. 676 $a616.85/8890231 702 $aFearns$b Debra 702 $aGates$b Bob$f1955- 702 $aWelch$b Jo 801 0$bMiAaPQ 801 1$bMiAaPQ 801 2$bMiAaPQ 912 $a9910654843203321 996 $aLearning Disability Nursing at a Glance$92919705 997 $aUNINA